000 00679nam a2200229 a 4500
001 ES-MaREB00309826-X
003 OSt
005 20260408171452.0
008 020226s1998 esp 000 0 spa d
020 _a979-8-3693-9194-5
040 _cBMC
082 _a658.15
082 _a658.152
100 1 _950270
_aKatper, Naveeda
245 1 0 _aCrowdfunding and alternative financing models for women entrepreneurs
_cNaveeda Katper
250 _a18ยช ed
260 _aHershey, PA
_bIGI Global Scientific Publishing
_ccop. 2025
300 _aXXI, 302 p.
_c26 cm
650 2 4 _914120
_aEmpresas
_xInversiones
650 2 0 _aEmprendedores
_96296
942 _2ddc
_cBK
_hprozim
999 _c36549
_d36549